000 01498cam a2200349 a 4500
999 _c128232
_d128232
001 651129
003 ARRUPE
005 20180920162417.0
008 940627s1994 enka b 001 0 eng
010 _a 94003778
020 _a0631193618 (acidfree paper)
020 _a0631193626 (pbk. : acidfree paper)
040 _aDLC
_cDLC
_dDLC
050 0 0 _aB3376
_b.W561 1994
082 0 0 _a192
_220
100 1 _aWittgenstein, Ludwig,
_d1889-1951.
_942471
240 1 0 _aWorks.
_kSelections.
_lEnglish.
_f1994
245 1 4 _aThe Wittgenstein reader /
_cedited by Anthony Kenny.
260 _aOxford, UK ;
_aCambridge, Mass., USA :
_bB. Blackwell,
_c1994.
300 _aviii, 312 p. :
_bill. ;
_c23 cm.
440 0 _aBlackwell readers
_942472
504 _aIncludes bibliographical references (p. [306]-307) and index.
650 0 _aPhilosophy.
_942473
700 1 _aKenny, Anthony,
_d1931-
_933061
856 4 1 _3Table of contents only
_uhttp://www.loc.gov/catdir/enhancements/fy0802/94003778-t.html
856 4 2 _3Publisher description
_uhttp://www.loc.gov/catdir/enhancements/fy0802/94003778-d.html
856 4 2 _3Contributor biographical information
_uhttp://www.loc.gov/catdir/enhancements/fy0802/94003778-b.html
906 _a7
_bcbc
_corignew
_d1
_eocip
_f19
_gy-gencatlg
942 _2lcc
_cMONOGRAPH